Τα βιομηχανικά ρομπότ : ο ρόλος τους στη μεταποιητική βιομηχανία.

Αποθηκεύτηκε σε:
Λεπτομέρειες βιβλιογραφικής εγγραφής
Συγγραφή απο Οργανισμό/Αρχή: Ελληνικό Κέντρο Παραγωγικότητας
Μορφή: Βιβλίο
Γλώσσα:Greek
Δημοσίευση: Αθήνα : ΕΛΚΕΠΑ, 1986.
Θέματα:
Ετικέτες: Προσθήκη ετικέτας
Δεν υπάρχουν, Καταχωρήστε ετικέτα πρώτοι!

MARC

LEADER 00000cam a2200000 i 4500
001 1/71559
008 990305s1986 gr | ||| |||| ||gre||
035 |l 10048355 
040 |a GR-MyUA  |b gre  |e AACR2 
041 0 |a gre 
082 0 |a 629.892 
110 2 |a Ελληνικό Κέντρο Παραγωγικότητας. 
245 1 3 |a Τα βιομηχανικά ρομπότ :   |b ο ρόλος τους στη μεταποιητική βιομηχανία.  
260 |a Αθήνα :   |b ΕΛΚΕΠΑ,   |c 1986.  
300 |a 103 σ.  
650 0 0 |a Automation. 
650 0 0 |a Robots, Industrial. 
852 |a INST  |b CHIOS  |e 19990305  |h 629.892 ΕΛΛ  |p 005200014682  |q 005200014682  |t BK  |y 0 
852 |a INST  |b SAMOS  |e 19990702  |h 629.892 ΕΛΛ  |p 005300012553  |q 005300012553  |t BK  |y 0 
901 |a BIBL-1999-1 
901 |a BIBL3-1999-2 
909 |a Χ  |b 055505 
909 |a Σ  |b 057781 
922 |a 2ΔΩΡ  |b 199903  |d ΛΕΜΟΝΙΑ 
970 |a ΓΕΝΟΥΖΟΥ  |b ΧΡΥΣΑΝΘΗ  |z 1999/07/02